1671 1446 1075 1089 1864 1613 1481 1308 1384 1104 1556 1866 1559 1019 1784 1221 1303 1391 1918 1961 1822 1063 1876 1040 1211 1591 1994 1442 1667 1644 1808 1906 1533 1490 1778 1232 1023 1903 1666 1158 1088 1644 1206 1634 1547 1324 1143 1466 1528 1128 1406 1906 1655 1328 1751 1197 1236 1922 1927 1315 1834 1829 1870 1654 1250 1703 1141 1085 1416 1116 1901 1006 1154 1579 1483 1554 1535 1293 1677 1803 1729 1584 1113 1667 1083 1697 1097 1121 1631 1332 1595 1430 1268 1534 1670 1873 1843 1269 1127 BCNSPRNW ULIB Ver.6.0+V

เปลี่ยนเป็นภาษาไทย

Change to English
 แสดงรายละเอียดบรรณานุกรม
  กลับหน้าหลัก

Brief Record : Get Marc (ISO 2709) : E-mail record : QR code < ปิดหน้าต่าง
LEADER : 00000nam 2200000uu 4500
001    13399109730
003     ULIB
008    110410s2550||||th 000 0 tha d
020    9789746608244
060 04 WC515^bช576ข 2550
100 0  ชิษณุ พันธุ์เจริญ
245 00 "ไข้หวัดใหญ่"โรคที่อาจร้ายกว่าที่คิด/^cบรรณาธิการ, ชิษณุ พันธุ์เจริญ ... [และคนอื่นๆ]
250    พิมพ์ครั้งที่ 1
260    กรุงเทพฯ :^bธนาเพรส,^c2550
300    66 หน้า ;^c21 ซม.
650  7 ไข้หวัดใหญ่
650  7 วัคซีนไข้หวัดใหญ่
700 0  ทวี โชติพิทยสุนนท์,^eบรรณาธิการ
700 0  ประเสรฐ ทองเจริญ,^eบรรณาธิการ
945    ^p90^l0^i026351
945    ^p90^l0^i026350
945    ^p90^l0^i026349
945    ^p90^l0^i026348
945    ^p90^l0^i026346
945    ^p90^l0^i026347
995    ทศพ
999 ^a ใช้งานได้ทุกระบบ
รายการนี้ยังไม่มีแท็ก
คุณยังไม่ได้ล็อกอิน คุณสามารถมีกิจกรรมร่วมกับเว็บไซต์ได้ แต่ต้องล็อกอินก่อน ::
  ล็อกอิน

รายการสื่อสารสนเทศ

ลำดับที่ ประเภท เลขเรียก/บาร์โค้ด สถานที่ สถานะ
- ไม่พบข้อมูล -

รายการใกล้เคียง
    ผู้แต่ง [ชิษณุ พันธุ์เจริญ]

    หัวเรื่อง [ไข้หวัดใหญ่]
    หัวเรื่อง [วัคซีนไข้หวัดใหญ่]

BibComment


ยังไม่เคยถูกคอมเมนท์

คอมเมนท์ทรัพยากรรายการนี้
  คอมเมนท์: ไข้หวัดใหญ่โรคที่..


 Copyright 2026. Bcnsprnw @Library